| 000 | 01142nam a2200241Ia 4500 | ||
|---|---|---|---|
| 003 | Ost | ||
| 005 | 20260507074839.0 | ||
| 008 | 260507s9999||||xx |||||||||||||| ||und|| | ||
| 020 | _a978995783176 | ||
| 040 | _cfsecg | ||
| 041 | _aara | ||
| 082 | _a338.514 | ||
| 100 |
_aبابا، عبد القادر _eمؤلف |
||
| 245 | 0 |
_aدراسات الجدوى وتقييم المشروعات / _c عبد القادر بابا |
|
| 260 |
_aعمان: _bمكتبة المجتمع العربي للنشر والتوزيع, _c2014 |
||
| 300 |
_a338 صفحة؛ _bإيضاحات ؛ _c25 سم |
||
| 504 | _aببليوغرافيا: ص.333-338 | ||
| 520 | _aيضم الإستثمار في الفكر الإقتصادي ومفاهيم أساسية حول الإستثمار وجدوى المشروعات، دراسات جدوى المشروعات الإستثمارية والتقييم المالي للمشروعات، التقييم الإقتصادي للمشروعات( تحليل الربحية الوطنية) | ||
| 653 | _aالمشروعات | ||
| 653 | _aتقييم الأداء | ||
| 653 | _aدراسة الجدوى | ||
| 942 | _cكتاب | ||
| 999 |
_c41512 _d41512 |
||